Apertura, nuevas tecnologías y empleo / (Registro nro. 12469)
[ vista simple ]
| 000 -LEADER | |
|---|---|
| fixed length control field | 02263nam a2200265Ia 4500 |
| 003 - CONTROL NUMBER IDENTIFIER | |
| control field | OSt |
| 005 - DATE AND TIME OF LATEST TRANSACTION | |
| control field | 20210913170538.0 |
| 008 - FIXED-LENGTH DATA ELEMENTS--GENERAL INFORMATION | |
| fixed length control field | 210310s1992 ck gr 000 0 spa d |
| 020 ## - INTERNATIONAL STANDARD BOOK NUMBER | |
| International Standard Book Number | 9589272134 |
| 040 ## - CATALOGING SOURCE | |
| Original cataloging agency | CO-JMCR |
| Transcribing agency | CO-JMCR |
| 041 ## - LANGUAGE CODE | |
| Language code of text/sound track or separate title | spa |
| 082 04 - DEWEY DECIMAL CLASSIFICATION NUMBER | |
| Classification number | 338.064 / |
| Item number | Z583a |
| Edition number | 23 |
| 100 1# - MAIN ENTRY--PERSONAL NAME | |
| Personal name | Zerda Álvaro, |
| Relator term | autor |
| 9 (RLIN) | 28322 |
| 245 10 - TITLE STATEMENT | |
| Title | Apertura, nuevas tecnologías y empleo / |
| Statement of responsibility, etc. | Alvaro Zaerda ; prólogo de Gabriel Misas |
| 260 ## - PUBLICATION, DISTRIBUTION, ETC. | |
| Place of publication, distribution, etc. | Bogotá : |
| Name of publisher, distributor, etc. | Tercer Mundo, |
| Date of publication, distribution, etc. | 1992. |
| 300 ## - PHYSICAL DESCRIPTION | |
| Extent | 194 páginas ; |
| Dimensions | 22 cm. |
| 500 ## - GENERAL NOTE | |
| General note | Incluye datos biográficos del autor en tapa posterior y notas a pie de página. |
| 505 0# - FORMATTED CONTENTS NOTE | |
| Formatted contents note | Apertura económica y reestructuración de la industria manufacturera colombiana. -- Una visión panorámica del actual proceso de innovación tecnológica y de sus impactos sobre el empleo. -- La cuestión tecnológica en los países en desarrollo. -- Nuevas tecnologías. Un análisis alternativo de su naturaleza y de su incidencia sobre el empleo y la calificación del trabajo. -- Inserción de las nuevas tecnologías en la industria manufacturera colombiana y sus impactos sobre el empleo y la calificación del trabajo. -- Las instituciones del cambio. |
| 520 0# - SUMMARY, ETC. | |
| Summary, etc. | ¿Qué y cuáles son las nuevas tecnologías vigentes mundialmente? ¿Cuáles son sus consecuencias sobre el empleo y la calificación del trabajo? ¿Hasta dónde han penetrado y qué posibilidades de éxito tiene su aplicación a los procesos productivos en el país? ¿Cuá les serán sus consecuencias sobre el empleo y la calificación del trabajo? ¿Qué incidencia tendrá sobre estos aspectos el modelo adoptado por la ad ministración Gaviria? ¿Qué acciones deben adelantar tanto el Estado como los empresarios y trabajadores para sacar el mayor provecho posible de la modernización empresarial? Estos son algunos interrogantes a los que se bus ca dar respuesta en este libro, a la luz de reflexiones teóricas, del examen de estudios de caso adelantados por investigadores sociales y de algunos cálculos y análisis realizados por el autor. |
| 650 14 - SUBJECT ADDED ENTRY--TOPICAL TERM | |
| Topical term or geographic name entry element | Apertura económica |
| 9 (RLIN) | 2295 |
| 650 24 - SUBJECT ADDED ENTRY--TOPICAL TERM | |
| Topical term or geographic name entry element | Visión panorámica |
| 9 (RLIN) | 40309 |
| 650 24 - SUBJECT ADDED ENTRY--TOPICAL TERM | |
| Topical term or geographic name entry element | Manufactura |
| Geographic subdivision | Colombia |
| 9 (RLIN) | 40310 |
| 700 1# - ADDED ENTRY--PERSONAL NAME | |
| Personal name | Misas, Gabriel, |
| Relator term | prologuista |
| 9 (RLIN) | 40311 |
| 942 ## - ADDED ENTRY ELEMENTS (KOHA) | |
| Source of classification or shelving scheme | Dewey Decimal Classification |
| Koha item type | Books |
| Withdrawn status | Lost status | Source of classification or shelving scheme | Damaged status | Not for loan | Home library | Current library | Shelving location | Date acquired | Source of acquisition | Full call number | Barcode | Date last seen | Copy number | Price effective from | Koha item type |
|---|---|---|---|---|---|---|---|---|---|---|---|---|---|---|---|
| Dewey Decimal Classification | Biblioteca Pública José María del Castillo y Rada | Biblioteca Pública José María del Castillo y Rada | General Stacks | 04/15/2018 | Donación | 338.064 / Z583a | 430005280 | 05/16/2024 | Ej.1 | 03/10/2021 | Books |